000 01010nam a2200325 a 4500
001 vtls000103219
003 NLI
005 20210601201857.0
008 101125s1967 enk 001 0 eng
020 _cRs. 42.00
039 9 _y201011251143
_zVLOAD
040 _aNLI
_beng
_cDataSoft
_eAACR2
041 0 _aeng
044 _aenk
082 0 4 _a330.94
100 1 _aPostan, M. M.
_9215957
245 1 3 _aAn economic history of Western Europe, 1945-1964 /
_cM. M. Postan
260 _aLondon :
_bMethuen,
_c1967
300 _a382 p. ;
_c22 cm.
500 _aIncludes index
650 0 _aEconomic history
_9337
650 0 _aEmployment (economic theory)
_96639
651 0 _aEurope, Western
_xEconomic conditions
_9215958
887 _a
901 _a387175
_b20.05.1968
902 _aE330.94 P845
949 _AVIRTUAITEM
_D10000
_X100
_6PUR000387175ENG
942 _2ddc
_cBKS
999 _aVIRTUA00
_c106973
_d106973
999 _aVTLSSORT0080*0200*0400*0410*0440*0820*1000*2450*2600*3000*5000*6500*6501*6510*9010*9020*9490*9991